00527nam a22001577a 450000500170000001000150001702000300003203500140006203700130007608200170008924501180010626000450022427000610026930000210033070000180035120220603162642.0 aENG-132991 a978-81-234-1994-7c150.00 aEN-116523 bDBAD/PUB a894.81109001 aThe collected papers on classical Tamil, Literature in the journal of 'Tamil Culture'/ccompiled by D. Sivaganesh aChennaibNew Century Book House (P) Ltd. a41-B, Sidco Industrial Estate, AmbatturbChennaie600098 a238p.c22cm(pbk) aD. Sivaganesh